Traduisez les phrases francais! (Translate the French phrases!) - Statistiques

Statistiques générales
  • Ce quiz a été pris 182 fois
  • Le résultat moyen est 5 sur 15
Statistiques - réponses
Hint Réponse % Correct
Je suis malade. I am sick.
72%
Vous avez faim. You are hungry.
72%
Nous avons froid. We are cold.
68%
Tu as de la chance. You are lucky.
66%
J'ai chaud. I am hot.
59%
J'ai besoin de me laver les cheveux. I need to wash my hair.
52%
Nous avons soif. We are thirsty.
45%
Quoi de neuf? What's new?
35%
Les etoilles brillent. The stars shine.
32%
Comment ca va? How's it going?
9%
Qu'est-ce qui s'est passe? What has happened?
5%
Je suis en train de lire. I am in the middle of reading.
4%
Vous m'agacez! You annoy me!
3%
Tu me blague! You're kidding me!
1%
Il faut qu'ils fassent la vaiselle. It is neccessary that they do the dishes.
0%
Aucun quiz correspondant
Distribution des résultats
% des personnes avec chaque résultat
Percentile par nombre de réponses
Votre historique - résultats
Vous n’avez pas pris ce quiz